| 000 | 00517nam a22001817a 4500 | ||
|---|---|---|---|
| 003 | OSt | ||
| 005 | 20130523191151.0 | ||
| 008 | 130523s1999 sp ||||| |||| 00| 0 spa d | ||
| 020 | _a8440691068 | ||
| 040 | _cCDMR | ||
| 100 | 1 |
_91719 _aDíaz, Lorenzo |
|
| 245 | 1 | 0 |
_aInforme sobre la televisión en España (1989-1998) _b: la década abominable _cLorenzo Díaz |
| 260 |
_aBarcelona _bEdiciones B _c1999 |
||
| 300 | _a277 p. | ||
| 650 | 0 | 4 |
_91780 _aTelevisió _zEspanya |
| 650 | 0 | 4 |
_93121 _aTeleespectadors |
| 942 |
_2udc _cMON |
||
| 999 |
_c6305 _d6305 |
||